Modern methods of valauation of land , house & buildings
Uloženo v:
| Hlavní autor: | |
|---|---|
| Médium: | Kniha |
| Jazyk: | angličtina |
| Vydáno: |
EPP Books
2005
|
| Tagy: |
Přidat tag
Žádné tagy, Buďte první, kdo vytvoří štítek k tomuto záznamu!
|
MARC
| LEADER | 00000nam a22000007a 4500 | ||
|---|---|---|---|
| 008 | 240417b |||||||| |||| 00| 0 eng d | ||
| 020 | |a 99880770829 | ||
| 100 | |a JOHNSON, Tony |a Davis, Keith |a Shapiro, Eric | ||
| 245 | |a Modern methods of valauation of land , house & buildings |c /Tony Johnson, Keith Davies and Eric Shapiro |g xliv, 637p;ill | ||
| 250 | |b 9th | ||
| 260 | |b EPP Books |c 2005 |h [Ghana] |i 703040 |i 703041 |l HD1387.J62 |m Real property-valuation |m Real property | ||
| 500 | |a it includes index | ||
| 942 | |a lcc |c BK |e Johnson |f 17/04/24 | ||
| 952 | |0 0 |1 0 |2 lcc |4 0 |6 HD1387 J62 |7 0 |9 5066 |a SSL |b HOL |c GJ |d 2024-04-17 |l 0 |o HD1387.J62 |p 2024-0316 |r 2024-04-17 00:00:00 |t 703040 |w 2024-04-17 |y BK | ||
| 952 | |0 0 |1 0 |2 lcc |4 0 |6 HD1387 J62 |7 0 |9 5067 |a HOL |b HOL |c GJ |d 2024-04-17 |l 0 |o HD1387.J62 |p 2024-0317 |r 2024-04-17 00:00:00 |t 703041 |w 2024-04-17 |y BK | ||
| 999 | |c 2515 |d 2515 | ||